Premier League Teams With The Longest Trophy Drought - Statistics

General Stats
  • This quiz has been taken 19 times
  • The average score is 17 of 20
Answer Stats
Time Since Last Major Trophy Answer Trophy Won % Correct
4 years, 7 Months Arsenal FA Cup
100%
13 Days Newcastle United Carabao Cup
100%
3 Years, 10 Months Chelsea Champions League
94%
314 Days Manchester City Premier League
94%
308 Days Manchester United FA Cup
94%
1 Year Liverpool Carabao Cup
89%
49 Years Southampton FA Cup
89%
17 Years Tottenham Carling Cup
89%
1 Year, 9 Months West Ham Conference League
89%
29 Years Aston Villa Coca Cola Cup
83%
N/A Brentford N/A
83%
N/A Brighton N/A
83%
N/A Crystal Palace N/A
83%
45 Years Wolves League Cup
83%
N/A Bournemouth N/A
78%
N/A Fulham N/A
78%
3 Years, 10 Months Leicester FA Cup
72%
30 Years Everton FA Cup
67%
44 Years Ipswich UEFA Cup
67%
35 Years Nottingham Forest League Cup
61%
No matching quizzes found
Score Distribution
Percent of People with Each Score
Percentile by Number Answered
Your Score History
You have not taken this quiz